| 000 | 01549cam a2200421 i 4500 | ||
|---|---|---|---|
| 001 | 17886370 | ||
| 003 | OSt | ||
| 005 | 20231204112251.0 | ||
| 008 | 120731s2011 ii ab b 001 0 eng d | ||
| 010 | _a 2013319132 | ||
| 020 | _a9788125042020 | ||
| 020 | _a8125042024 | ||
| 025 | _aI-E-2013-319132; 68-91 | ||
| 035 | _a(OCoLC)ocn826121239 | ||
| 035 | _a(OCoLC)826121239 | ||
| 037 | _aLibrary of Congress -- New Delhi Overseas Office | ||
| 040 |
_aQE2 _beng _erda _cQE2 _dOCLCO _dCOO _dDLC |
||
| 042 |
_alccopycat _alcode |
||
| 043 | _aa-ii--- | ||
| 050 | 0 | 0 |
_aDS484.7 _b.S88 2011 |
| 082 | 0 | 4 |
_a325.34109548 _bSUT/O |
| 100 | 1 |
_aSutton, Deborah _eauthor. _99986 |
|
| 245 | 1 | 0 |
_aOther landscapes : _bcolonialism and the predicament of authority in nineteenth-century South India / _cDeborah Sutton. |
| 264 | 1 |
_aNew Delhi : _bOrient Blackswan, _c2011. |
|
| 300 |
_axvi, 239 pages : _billustrations, maps ; _c24 cm |
||
| 336 |
_atext _2rdacontent |
||
| 337 |
_aunmediated _2rdamedia |
||
| 338 |
_avolume _2rdacarrier |
||
| 500 | _aPreviously published by NIAS Press in 2009. | ||
| 504 | _aIncludes bibliographical references and index. | ||
| 650 | 0 |
_aBritish _zIndia, South _xHistory _y19th century. |
|
| 651 | 0 |
_aIndia, South _xColonization. |
|
| 651 | 0 |
_aIndia, South _xPolitics and government _y19th century. |
|
| 651 | 0 |
_aIndia, South _xHistory _y19th century. |
|
| 906 |
_a7 _bcbc _ccopycat _d3 _encip _f20 _gy-gencatlg |
||
| 942 |
_2ddc _cBK _h325.34109548 _iSUT/O _k325.34109548 _mSUT/O |
||
| 999 |
_c43881 _d43881 |
||